000 00372nam a22001337a 4500
082 _a909.941
_bWIN
100 _awingfield stratford ESME
_950484
245 _aThe history of british civilization
260 _aLondon
_bGeorge routledge and sons ltd
_c1928
300 _axv, 574 p;
526 _a0
_b0
_c0
_d909_941000000000000_WIN
650 _aMCE
_9379
942 _2ddc
_cBK
999 _c553224
_d553224